La reforma laboral de la Ley Nº 20.940

Shranjeno v:
Bibliografske podrobnosti
Glavni avtor: Humeres Noguer, Héctor (autor)
Drugi avtorji: Halpern Montecino, Cecily (autora)
Format: Knjiga
Jezik:španščina
Izdano: Santiago Thomson Reuters 2017
Izdaja:1a. ed
Serija:Monografías
Teme:
Oznake: Označite
Brez oznak, prvi označite!

MARC

LEADER 00000cam a2200000 a 4500
001 UCD9122
003 CL-VaPUC
008 170602e20170300cl |||||||||||||||||spa|d
020 |a 9789563468786 
082 0 4 |a 344.8301  |b HUM  |2 21 
100 |a Humeres Noguer, Héctor  |e autor  |9 621050 
700 |a Halpern Montecino, Cecily  |e autora  |9 621033 
245 1 3 |a La reforma laboral de la Ley Nº 20.940 
250 |a 1a. ed 
300 |a 511 p 
942 |c BK 
945 |d 20170602 23:29:00  |a arojas 
260 |a Santiago  |b Thomson Reuters  |c 2017 
650 0 |a Derecho laboral chileno   |9 476826 
650 7 |a REFORMA LABORAL  |2 CL-VaPUC  |9 352892 
650 0 |a Relaciones laborales   |9 335971 
583 |a last modification  |c 20190729 08:27:27  |k Rodrigo Vera 
490 0 |a Monografías 
999 |c 368405  |d 368403 
952 |0 0  |1 0  |3 erb  |4 0  |6 344_830100000000000_HUM_2017  |7 0  |8 A  |9 483710  |a BIBDER  |b BIBDER  |i 5394163  |l 1  |m 3  |o 344.8301 HUM 2017  |p 5394163  |r 2024-05-24  |s 2024-04-25  |w 2019-11-24  |y BK  |z Catalogado en:20170602  |k DER